000 00447nam a2200181Ia 4500
001 23978
005 20260414151013.0
008 260414t1955||||xx |||||||||||||| ||spa||
041 _aESP
082 _a738.85
_bK97
100 _aKutscher, Gerdt [1913-1979]
_eAUT
245 0 _aArte antiguo de la costa norte del Perú
_b
260 _c1955
300 _a80 páginas :
_c28 cm.
650 _aABD
654 _aCAU
942 _cLIB
_dJUS
_fJUS
_2ddc
_n
999 _c23978
_d23978